Statistics for Capital to Country's First Letter

Click here to take the quiz!

General Stats

  • This quiz has been taken 65 times
  • The average score is 21 of 24

Answer Stats

HintAnswer% Correct
BeijingC
100%
CairoE
100%
MoscowR
100%
CopenhagenD
98%
AthensG
98%
WarsawP
95%
LondonU
95%
TaipeiT
93%
BudapestH
91%
ReykjavíkI
91%
KathmanduN
91%
HelsinkiF
89%
KingstonJ
89%
BeirutL
89%
NairobiK
88%
CaracasV
88%
MuscatO
84%
DohaQ
84%
TiranaA
82%
DhakaB
79%
AntananarivoM
77%
SanaaY
77%
HarareZ
77%
ApiaS
61%

Score Distribution

Percentile by Number Answered

Percent of People with Each Score

Your Score History

You have not taken this quiz